The Law of Contract / (Record no. 585969)
[ view plain ]
| 000 -LEADER | |
|---|---|
| fixed length control field | 00391nam a22001337a 4500 |
| 082 ## - DEWEY DECIMAL CLASSIFICATION NUMBER | |
| Classification number | 346.02 |
| 100 ## - MAIN ENTRY--PERSONAL NAME | |
| Personal name | Mahmood, Shaukat |
| 245 ## - TITLE STATEMENT | |
| Title | The Law of Contract / |
| Statement of responsibility, etc. | Shaukat Mahmood |
| 250 ## - EDITION STATEMENT | |
| Edition statement | 11th Revised and Enlarged Edition. |
| 260 ## - PUBLICATION, DISTRIBUTION, ETC. | |
| Place of publication, distribution, etc. | Lahore : |
| Name of publisher, distributor, etc. | Legal Research Center, |
| Date of publication, distribution, etc. | 2020. |
| 300 ## - PHYSICAL DESCRIPTION | |
| Extent | 932 p. |
| Dimensions | 24 cm. |
| 942 ## - ADDED ENTRY ELEMENTS (KOHA) | |
| Source of classification or shelving scheme | |
| Koha item type | Book |
| Withdrawn status | Lost status | Source of classification or shelving scheme | Damaged status | Not for loan | Permanent Location | Current Location | Shelving location | Date acquired | Total Checkouts | Total Renewals | Full call number | Barcode | Date last seen | Date last checked out | Price effective from | Koha item type |
|---|---|---|---|---|---|---|---|---|---|---|---|---|---|---|---|---|
| NUST Law School (NLS) | NUST Law School (NLS) | Law | 07/19/2021 | 4 | 4 | 346.02 MAH | CL-596 | 12/08/2025 | 11/20/2025 | 07/19/2021 | Book |
